000 00753nam a2200229 a 4500
003 BD-DhJNU
005 20250305043719.0
008 250204s2010 ii a b 001 0 eng
020 _a9788188629657
040 _aBD-DhJNU
_bENG
_cBD-DhJNU
_dBD-DhJNU
082 0 0 _a294 MIK
_223
100 1 _aMittal, P.
245 1 0 _aKautilya Arthasastra (in 1-2 Vols.):
_bcollection of articles from the indian historical quarterly, indian antiquary etc /
_cP. Mittal & Geeta Dua
250 _a5th ed.
260 _aNew Delhi :
_bOriginals,
_c2010.
300 _a 1-2 volumes, xii, 539 p. :
_bill. ;
_c23 cm.
490 _vVol: 1-2
504 _aIncludes bibliographical references
650 0 _aIndia Politics and government
700 1 _aDua, Geeta
942 _cBK
999 _c1445
_d1445